| 000 -LEADER |
| fixed length control field |
00901nam a22002297a 4500 |
| 003 - CONTROL NUMBER IDENTIFIER |
| control field |
OSt |
| 005 - DATE AND TIME OF LATEST TRANSACTION |
| control field |
20181003070134.0 |
| 008 - FIXED-LENGTH DATA ELEMENTS--GENERAL INFORMATION |
| fixed length control field |
180220b xxu||||| |||| 00| 0 spa d |
| 020 ## - INTERNATIONAL STANDARD BOOK NUMBER |
| International Standard Book Number |
9505080611 |
| 040 ## - CATALOGING SOURCE |
| Transcribing agency |
PJ |
| 100 ## - ASIENTO PRINCIPAL - NOMBRE DE PERSONA |
| 9 (RLIN) |
2096 |
| Personal name |
Fenochietto, Carlos Eduardo |
| 245 10 - MENCIÓN DE TÍTULO |
| Título propiamente dicho |
Código Procesal Civil y Comercial de la Nación : |
| Parte restante del título |
comentado y concordado con el Código Procesal Civil y Comercial de la Provincia de Buenos Aires / |
| Mención de responsabilidad, etc |
Carlos Eduardo Fenochietto, Roland Arazi. |
| 250 ## - EDITION STATEMENT |
| Edition statement |
2a. ed. act. |
| 260 ## - PUBLICATION, DISTRIBUTION, ETC. (IMPRINT) |
| Place of publication, distribution, etc |
Buenos Aires : |
| Name of publisher, distributor, etc |
Astrea, |
| Date of publication, distribution, etc |
1993. |
| 300 ## - DESCRIPCION FISICA |
| Extent |
3 v. ; |
| 505 ## - FORMATTED CONTENTS NOTE |
| Formatted contents note |
Contenido:<br/>v. 1: Artículos 1 a 303.<br/>v. 2: Artículos 304 a 594.<br/>v. 3: Artículos 595 a 784. |
| 650 #0 - ASIENTO SECUNDARIO DE MATERIA - TERMINO TEMATICO |
| Topical term or geographic name as entry element |
CODIGO PROCESAL CIVIL Y COMERCIAL |
| 9 (RLIN) |
2447 |
| 650 #0 - ASIENTO SECUNDARIO DE MATERIA - TERMINO TEMATICO |
| Topical term or geographic name as entry element |
OBRA DE REFERENCIA |
| 9 (RLIN) |
2443 |
| 700 ## - ADDED ENTRY--PERSONAL NAME |
| 9 (RLIN) |
1980 |
| Personal name |
Arazi, Roland |
| 710 ## - ASIENTO SECUNDARIO - NOMBRE CORPORATIVO |
| 9 (RLIN) |
2448 |
| Corporate name or jurisdiction name as entry element |
Argentina. Códigos |
| 942 ## - ADDED ENTRY ELEMENTS (KOHA) |
| Source of classification or shelving scheme |
|
| Koha item type |
Referencia |
| Classification part |
347.9(094.4) |
| Item part |
FEN |